ბათუმის შოთა რუსთაველის სახელმწიფო უნივერსიტეტის ბიბლიოთეკა

2009/2010 წლის კონსტიტუციური რეფორმა საქართველოში / (ბიბ.ჩანაწერი № 39381)

000 -ლიდერი
ფიქსირებული სიგრძის საკონტროლო ველი 01363nam a2200253Ia 4500
001 - საკონტროლო ნომერი
საკონტროლო ველი 5970
003 - საკონტროლო ნომრის იდენტიფიკატორი
საკონტროლო ველი GE_BSU
005 - ბოლო ოპერაციის თარიღი და დრო
საკონტროლო ველი 20191030170936.0
008 - ფიქსირებული სიგრძის მონაცემთა ელემენტები - ზოგადი ინფორმაცია
ფიქსირებული სიგრძის საკონტროლო ველი 181216s2012||||ge |||||||||||||| ||geo||
020 ## - წიგნის საერთაშორისო სტანდარტული ნომერი
International Standard Book Number 9789943199396
040 ## - კატალოგიზაციის წყარო
Transcribing agency GE_BSU
041 ## - ენის კოდი
Language code of text/sound track or separate title geo
080 ## - უნივერსალური ათობითი კლასიფიკაციის ინდექსი
Universal Decimal Classification number 342(479.22) დ-32
100 ## - მთავარი ჩანაწერი - პიროვნების სახელი
Personal name დემეტრაშვილი, ავთანდილ
9 (RLIN) 162
245 ## - ცნობა სათაურის შესახებ
Title 2009/2010 წლის კონსტიტუციური რეფორმა საქართველოში /
Statement of responsibility, etc ავთანდილ დემეტრაშვილი ; რედ. მალხაზ ნაკაშიძე.
264 ## - წარმოების, გამოცემის, დისტრიბუციის და სხვა ცნობები
გამოცემის, წარმოების, დისტრიბუციის... ადგილი ბათუმი :
გამოცემის, წარმოების, დისტრიბუციის... სახელწოდება თვალსაზრისი,
გამოცემის, წარმოების, დისტრიბუციის... თარიღი 2012.
300 ## - ფიზიკური აღწერა
Extent 478 გვ. ;
Other physical details 24 სმ.
490 ## - სერიის ცნობა
Series statement საქართველოს კონსტიტუციური ქრონიკები
501 ## - შენიშვნა თანმხლებ მასალაზე
With note დანართები: გვ. 40-478.
653 ## - INDEX TERM--UNCONTROLLED
Uncontrolled term კონსტიტუციური რეფორმა საქართველოში
700 ## - ADDED ENTRY--PERSONAL NAME
Personal name ნაკაშიძე, მალხაზ
Relator term რედაქტორი
9 (RLIN) 2936
710 ## - ADDED ENTRY--CORPORATE NAME
Corporate name or jurisdiction name as entry element კონსტიტუციონალიზმის კვლევისა და ხელშეწყობის რეგიონალური ცენტრი
9 (RLIN) 5129
942 ## - ADDED ENTRY ELEMENTS (KOHA)
Koha item type წიგნი
Source of classification or shelving scheme
ეგზემპლარები
ჩამოწერის სტატუსი დაკარგული ეგზემპლარის სტატუსი კლასიფიკაციის წყარო ან თაროზე გაწყობის სქემა დაზიანების სტატუსი არ გაიცემა მუდმივი მდებარეობა (დაცვის ადგილი) ამჟამინდელი ადგილსამყოფელი თაროზე განთავსების ადგილი შეძენის თარიღი სრული შენახვის შიფრი შტრიხკოდი ბოლო ოპერაციის თარიღი ეგზემპლარის მიმდევრობითი ნომერი (კეტერი?) ფასის ძალაში შესვლის თარიღი ეგზემპლარის სახეობა
          ბათუმის შოთა რუსთაველის სახელმწიფო უნივერსიტეტის მთავარი ბიბლიოთეკა ბათუმის შოთა რუსთაველის სახელმწიფო უნივერსიტეტის მთავარი ბიბლიოთეკა წიგნსაცავი 2018-12-17 342(479.22) დ-32 6627 2018-12-17 6627 2018-12-17 წიგნი